000
00234nam a22000977a 4500
999
_c
11801
_d
11801
008
200218b ||||| |||| 00| 0 eng d
020
_a
0590446924
100
_a
COWCHER HELEN
_9
7482
245
_a
Antartica
260
_a
New York
_b
Scholastic